000 00720nam a22002417a 4500
003 UA-OsUOA
001 41072
007 ta
008 20080717b un ||||| |||| 00| 0 ukr d
100 _aРозумний Максим
090 _a32(091)(477)
_bР65
942 _cBK
040 _aUA-OsUOA
_bukr
_cUA-OsUOA
_dUA-OsUOA
245 _aСправа честі
_bПолітологічні есе
_cПередмова Олеся Донія
300 _a70 с.
955 _a4
041 _aukr
080 _a32(091)(477)
260 _aК.
_b"Смолоскип"
_c1995
246 3 1 _a(Алгоритми національного самоопанування)
650 7 _a32 Політика
_2UDC
999 _c439577
_d439577